header

The illiterate listener (Record no. 242639)

MARC details
000 -LEADER
fixed length control field 01198nam a2200313 a 4500
100 1# - MAIN ENTRY--AUTHOR NAME
Personal name Honing, Henkjan.
245 14 - TITLE STATEMENT
Title The illiterate listener
260 ## - PUBLICATION, DISTRIBUTION, ETC. (IMPRINT)
Place of publication Amsterdam :
Name of publisher Vossiuspers UvA,
Year of publication 2011.
300 ## - PHYSICAL DESCRIPTION
Number of Pages 24 p. :
Other physical details ill.
650 #0 - SUBJECT ADDED ENTRY--TOPICAL TERM
Topical Term Music
Topical Term Cognition.
Topical Term Musical ability.
Topical Term Musical perception.
856 40 - ELECTRONIC LOCATION AND ACCESS
Uniform Resource Identifier http://site.ebrary.com/lib/rucke/Doc?id=10498843

No items available.

© 2026 Rongo University
Contact us: librarian | system librarian | Rongo university